000 00436nam a2200157Ia 4500
008 200619s9999 xx 000 0 und d
020 _a8189524186
082 _a923.2THI
100 _aM. S. Thirumalai
245 0 _aWilliam Campbell-In defence of vernaculars
264 _aNew Delhi
_bCritical Quest
_c2006
300 _a40
700 _a B. Mallikarjuna
942 _cIR
999 _c119643
_d119643